000 00315nam a22001337a 4500
003 SGT
082 _a617.643
_bM18K
100 _aKUMARI, PREETI
245 _aMAXILLARY SINUS LIFT TECHNIQUES
260 _aDELHI NCR
_bSGT UNIVERSITY GURUGRAM
_c2018
300 _a1-69
650 _aORAL SURGERY
942 _2ddc
_cTH
999 _c19036
_d19036